Central Library OPAC University of Rajshahi
Normal view MARC view

Entry Personal Name

Number of records used in: 2

001 - CONTROL NUMBER

  • control field: 11957

003 - CONTROL NUMBER IDENTIFIER

  • control field: BD-RjUL

005 - DATE AND TIME OF LATEST TRANSACTION

  • control field: 20240228141503.0

008 - FIXED-LENGTH DATA ELEMENTS

  • fixed length control field: 240228|| aca||aabn | a|a d

040 ## - CATALOGING SOURCE

  • Original cataloging agency: BD-RjUL
  • Transcribing agency: BD-RjUL

100 ## - HEADING--PERSONAL NAME

  • Personal name: ভট্টাচার্য, মিতালী

670 ## - SOURCE DATA FOUND

  • Source citation: Work cat.: (BD-RjUL)83178: ভট্টাচার্য, মিতালী , বাংলা বানানচিন্তার বিবর্তন / , ২০০৭, [পুনর্মুদ্রণ ২০১০]